| 000 | 00616nam a22001937a 4500 | ||
|---|---|---|---|
| 005 | 20251108164854.0 | ||
| 008 | 250721s1974 xx 000 0 ara d | ||
| 082 | 1 | 4 | _a816.9/كور |
| 100 | 1 |
_aعواد، كوركيس _eتحقيق |
|
| 245 | 1 | 0 | _aالرسائل المتبادلة بين الكرملي و تيمور / |
| 264 | 1 |
_aبغداد : _bوزارة الإعلام، _c1974. |
|
| 300 | _a295ص | ||
| 490 | 0 | _aسلسلة كتب التراث ؛ 29 | |
| 650 | 1 | 7 | _aالأدب العربي |
| 650 | 1 | 7 | _aالرسائل |
| 700 | 1 |
_aالعطيه، جليل _eتحقيق |
|
| 942 |
_2ddc _cBK |
||
| 999 |
_c16364 _d16364 |
||